Загрузка...

Second generation ecocomic reforms issues and intiatives

Библиографические подробности
Главный автор: Mahesh, Mirajkar
Формат: Printed Book
Язык:Undetermined
English
Опубликовано: New Delhi Dominent Publishers and Distributors 2001
Предметы:
LEADER 00648nam a2200193Ia 4500
008 140306s9999 xx 000 0 und d
020 |a 8187336811 
041 |a eng 
082 |a 338.9  |b MAH/SE 
100 |a Mahesh, Mirajkar 
245 |a Second generation ecocomic reforms issues and intiatives 
260 |a New Delhi  |b Dominent Publishers and Distributors  |c 2001 
300 |a 334 
365 |b Rs.650 
650 |a Industrial policy 
650 |a Resource mobilisation 
942 |2 ddc  |c BK 
999 |c 183260  |d 183260 
952 |0 0  |1 0  |2 ddc  |4 0  |6 338_900000000000000_MAH_SE  |7 0  |9 189054  |a KAUCBV  |b KAUCBV  |d 2004-01-03  |g 650.00  |o 338.9 MAH/SE  |r 2014-03-22  |w 2014-03-22  |y BK